Turkish Cities Plate Numbers - Statistics

General Stats
  • This quiz has been taken 523 times
  • The average score is 32 of 81
Answer Stats
Plate No Answer % Correct
1 Adana
96%
6 Ankara
80%
7 Antalya
77%
2 Adıyaman
76%
34 İstanbul
76%
35 İzmir
69%
3 Afyon
68%
16 Bursa
62%
5 Amasya
61%
10 Balıkesir
61%
4 Ağrı
58%
9 Aydın
55%
31 Hatay
51%
42 Konya
51%
8 Artvin
50%
17 Çanakkale
50%
33 Mersin
49%
20 Denizli
48%
21 Diyarbakır
48%
81 Düzce
48%
61 Trabzon
47%
27 Gaziantep
46%
14 Bolu
45%
22 Edirne
45%
38 Kayseri
44%
19 Çorum
43%
23 Elazığ
43%
26 Eskişehir
43%
28 Giresun
43%
55 Samsun
43%
11 Bilecik
42%
15 Burdur
42%
18 Çankırı
42%
24 Erzincan
42%
25 Erzurum
42%
12 Bingöl
40%
13 Bitlis
38%
41 Kocaeli
38%
53 Rize
38%
30 Hakkari
37%
44 Malatya
37%
58 Sivas
37%
67 Zonguldak
37%
32 Isparta
36%
48 Muğla
36%
36 Kars
35%
37 Kastamonu
35%
52 Ordu
35%
29 Gümüşhane
34%
54 Sakarya
34%
45 Manisa
33%
47 Mardin
33%
80 Osmaniye
32%
43 Kütahya
31%
66 Yozgat
31%
46 Kahramanmaraş
30%
40 Kırşehir
29%
50 Nevşehir
28%
51 Niğde
28%
68 Aksaray
27%
39 Kırklareli
27%
57 Sinop
27%
63 Şanlıurfa
26%
59 Tekirdağ
26%
60 Tokat
26%
77 Yalova
25%
56 Siirt
24%
62 Tunceli
24%
49 Muş
23%
64 Uşak
22%
65 Van
22%
69 Bayburt
18%
78 Karabük
18%
70 Karaman
17%
72 Batman
16%
75 Ardahan
15%
79 Kilis
15%
74 Bartın
14%
71 Kırıkkale
14%
76 Iğdır
13%
73 Şırnak
13%
No matching quizzes found
Score Distribution
Percent of People with Each Score
Percentile by Number Answered
Your Score History
You have not taken this quiz